[Event "?"]
[Site "?"]
[Date "????.??.??"]
[Round "?"]
[White "Obodchuk, A."]
[Black "Strekalovski, V."]
[Result "1-0"]
[WhiteElo "2414"]
[BlackElo "2096"]
[PlyCount "101"]
[EventDate "23.??.??"]

1. d4 c6 2. Nf3 Qc7 3. e4 d6 4. Nc3 Bg4 5. h3 Bh5 6. g4 Bg6 7. Nh4 e5 8. Be3
Be7 9. g5 Nd7 10. Qg4 Nf8 11. O-O-O h6 12. dxe5 dxe5 13. Nd5 Qc8 14. Qxc8+ Rxc8
15. Nxe7 Nxe7 16. gxh6 gxh6 17. Nxg6 Nexg6 18. h4 Ne6 19. Bh3 Ngf4 20. Bxf4
exf4 21. Bxe6 fxe6 22. Rhg1 Rc7 23. Rg6 Re7 24. h5 e5 25. Rdd6 Rd7 26. Rde6+
Kd8 27. Rxh6 Rg8 28. Rhg6 Rxg6 29. Rxg6 Ke8 30. Rg5 Re7 31. Rf5 Re6 32. Kd2 Ke7
33. Ke2 Kd6 34. Kf3 Kc5 35. Rg5 Kd4 36. Rg6 Re7 37. Rd6+ Kc5 38. Rd1 b5 39. Kg4
a5 40. Kf5 a4 41. a3 Kc4 42. h6 c5 43. Rh1 b4 44. h7 Re8 45. h8=Q Rxh8 46. Rxh8
b3 47. cxb3+ Kxb3 48. Rb8+ Kc2 49. Kxe5 f3 50. Kf4 c4 51. Kxf3 1-0

[Event "?"]
[Site "?"]
[Date "????.??.??"]
[Round "?"]
[White "Scerbin, D."]
[Black "Sponheim, M."]
[Result "0-1"]
[WhiteElo "2369"]
[BlackElo "2093"]
[PlyCount "74"]
[EventDate "23.??.??"]

1. e4 c5 2. c3 Nf6 3. e5 Nd5 4. d4 cxd4 5. Nf3 Nc6 6. cxd4 d6 7. Bc4 Nb6 8. Bb3
d5 9. h3 Bf5 10. Nc3 e6 11. O-O Be7 12. a3 O-O 13. Ne1 Rc8 14. Be3 Na5 15. g4
Nxb3 16. Qxb3 Bg6 17. f4 Nc4 18. Bc1 f6 19. f5 Bf7 20. exf6 Bxf6 21. Nf3 Qd6
22. Kg2 exf5 23. g5 Be7 24. Ne2 Qb6 25. Qd3 Qe6 26. Ng3 f4 27. Re1 Qxe1 28.
Nxe1 Bg6 29. Qe2 Rce8 30. Qe6+ Bf7 31. Qg4 fxg3 32. Bf4 Bd6 33. Nc2 Bxf4 34.
Rf1 Bd6 35. b3 Nd2 36. Rf5 Re4 37. Qd1 Rfe8 0-1

[Event "?"]
[Site "?"]
[Date "????.??.??"]
[Round "?"]
[White "Kevorkov, A."]
[Black "Shajakhmetov, L."]
[Result "1/2-1/2"]
[WhiteElo "2212"]
[BlackElo "2013"]
[PlyCount "128"]
[EventDate "23.??.??"]

1. e4 d6 2. d4 Nf6 3. Nc3 e5 4. Nf3 Nbd7 5. Bc4 Be7 6. O-O O-O 7. Re1 c6 8. a4
a5 9. h3 Qc7 10. Bb3 exd4 11. Nxd4 Nc5 12. Bf4 Nxb3 13. Nxb3 Nd7 14. Qe2 Ne5
15. Rad1 Re8 16. Nd4 Bf8 17. b3 Bd7 18. Qd2 Rad8 19. Bg3 Qc8 20. f4 Ng6 21. Nf3
f5 22. Bf2 fxe4 23. Nxe4 d5 24. Ng3 Bb4 25. Rxe8+ Rxe8 26. Qd4 Bf5 27. Nh5 Bf8
28. Qc3 Re4 29. Rd4 Rxd4 30. Bxd4 Qc7 31. g4 Be4 32. Qe3 c5 33. Bb2 Bxf3 34.
Qxf3 d4 35. c3 Qd6 36. cxd4 cxd4 37. Qd3 Nxf4 38. Nxf4 Qxf4 39. Bxd4 h6 40. Qe3
Qd6 41. Qe5 Qb4 42. Qd5+ Kh7 43. Bf2 Be7 44. Qc4 Qxc4 45. bxc4 Kg6 46. Kg2 Kf7
47. Kf3 Ke6 48. Ke4 g6 49. Bb6 Bb4 50. Be3 h5 51. Kf4 hxg4 52. hxg4 Bc3 53. Bb6
Bd2+ 54. Ke4 Bb4 55. Kd4 Kd6 56. Ke4 Ke6 57. c5 Bd2 58. Kd3 Be1 59. Kd4 Bd2 60.
Kd3 Be1 61. Kc4 Bb4 62. Kb5 Kd5 63. Bxa5 Bxa5 64. Kxa5 Kxc5 1/2-1/2

[Event "?"]
[Site "?"]
[Date "????.??.??"]
[Round "?"]
[White "Meshkov, I."]
[Black "Migala, A."]
[Result "1-0"]
[WhiteElo "2363"]
[BlackElo "2057"]
[PlyCount "141"]
[EventDate "2013.??.??"]

1. c4 c6 2. e4 e5 3. Nc3 d6 4. d4 Nd7 5. Nf3 Be7 6. Be2 Ngf6 7. O-O O-O 8. Re1
Qc7 9. h3 a6 10. a3 b5 11. Bg5 h6 12. Be3 Rb8 13. b4 bxc4 14. Bxc4 exd4 15.
Nxd4 Ne5 16. Bf1 c5 17. bxc5 dxc5 18. Nf5 Rd8 19. Nxe7+ Qxe7 20. Qa4 c4 21. Qa5
Nd3 22. Reb1 Be6 23. Rxb8 Rxb8 24. Bxd3 cxd3 25. Qxa6 Rb3 26. Bd4 d2 27. Qd3
Rxa3 28. Rxa3 Qxa3 29. Qxd2 Qe7 30. Qe3 Bc8 31. Qf4 Ne8 32. Nd5 Qe6 33. Qb8 Kh7
34. f3 Bd7 35. Be5 f6 36. Bg3 Qc6 37. Kh2 Qe6 38. Qd8 Bc6 39. Nc3 Qd7 40. Qb8
Qb7 41. Qd8 Qd7 42. Qb6 Qb7 43. Qc5 Bd7 44. Qf8 Qc6 45. h4 Be6 46. Qe7 Qd7 47.
Qc5 Kg8 48. Ne2 Qc8 49. Qe7 Qd7 50. Qb4 h5 51. Nd4 g6 52. Qc5 Kf7 53. Qb6 Ng7
54. Nc6 Ne8 55. Bb8 Ng7 56. Nd8+ Kg8 57. Bc7 Kh7 58. Bg3 Kg8 59. Bf2 f5 60. Bd4
Qe7 61. g3 Bf7 62. Bxg7 Kxg7 63. Qd4+ Kg8 64. Kg2 fxe4 65. fxe4 Bb3 66. Nc6 Qe6
67. Qd8+ Kh7 68. Qe7+ Kh6 69. Qxe6 Bxe6 70. Nd4 Bg4 71. Nf3 1-0

[Event "?"]
[Site "?"]
[Date "????.??.??"]
[Round "?"]
[White "Strzelecki, J."]
[Black "Babarykin, S."]
[Result "0-1"]
[WhiteElo "2094"]
[BlackElo "2319"]
[PlyCount "76"]
[EventDate "2013.??.??"]

1. Nf3 d5 2. d4 c6 3. e3 Nf6 4. c4 e6 5. Bd3 Nbd7 6. O-O Bd6 7. Nbd2 O-O 8. e4
dxe4 9. Nxe4 Nxe4 10. Bxe4 c5 11. b3 cxd4 12. Qxd4 Qe7 13. Bb2 f5 14. Bc2 e5
15. Qd5+ Kh8 16. Rad1 Bc7 17. Rfe1 Nf6 18. Qb5 e4 19. g3 Bd6 20. c5 Bxc5 21.
Ne5 Be6 22. Qe2 Rac8 23. a4 Bb4 24. Rf1 Bc3 25. Bxc3 Rxc3 26. Nc4 Bxc4 27. bxc4
Qc5 28. Bb1 Rxc4 29. Qa2 Rc8 30. a5 a6 31. Qd2 h6 32. Kg2 Rc3 33. Qf4 Qxa5 34.
Rd6 Rf3 35. Qh4 Qe5 36. Rb6 Qd4 37. Rxb7 Ng4 38. Rb2 Qxb2 0-1

[Event "?"]
[Site "?"]
[Date "????.??.??"]
[Round "?"]
[White "Kireeva, L."]
[Black "Krylov, S."]
[Result "0-1"]
[WhiteElo "2061"]
[BlackElo "2297"]
[PlyCount "60"]
[EventDate "2013.??.??"]

1. e4 c5 2. Nf3 e6 3. d4 cxd4 4. Nxd4 a6 5. a3 Nf6 6. Nc3 Qc7 7. Be3 b5 8. f3
Bb7 9. Qd2 b4 10. axb4 Bxb4 11. Bd3 d5 12. exd5 Nxd5 13. Nde2 Nxe3 14. Qxe3 O-O
15. O-O-O Nc6 16. f4 Ne7 17. Qh3 g6 18. Ne4 Bxe4 19. Bxe4 Rab8 20. Qf3 Qa5 21.
c3 Qa1+ 22. Kc2 Qa4+ 23. Kb1 Ba3 24. Rd2 Bxb2 25. Rxb2 Rxb2+ 26. Kxb2 Rb8+ 27.
Bb7 Nd5 28. Kc1 Rxb7 29. Rd1 Qa2 30. Qd3 Qb2# 0-1

[Event "?"]
[Site "?"]
[Date "????.??.??"]
[Round "?"]
[White "Anfinogenov, A."]
[Black "Gunajew, R."]
[Result "0-1"]
[WhiteElo "2035"]
[BlackElo "2296"]
[PlyCount "64"]
[EventDate "2013.??.??"]

1. d4 c5 2. d5 Nf6 3. c4 e6 4. Nc3 exd5 5. cxd5 Bd6 6. e4 O-O 7. f4 Nxe4 8.
Nxe4 Re8 9. Qe2 Bf8 10. g4 b6 11. Nf3 Bb7 12. Qd3 Na6 13. Kf2 Nb4 14. Qb1 Bxd5
15. Nc3 Bxf3 16. Kxf3 Qh4 17. Be3 Rxe3+ 18. Kxe3 Qxg4 19. Qe4 d5 20. Nxd5 Re8
21. Nf6+ gxf6 22. Qxe8 Nc2+ 23. Ke4 Nxa1 24. Bc4 Qg2+ 25. Kd3 Qf3+ 26. Kd2
Qxf4+ 27. Kd1 Qd4+ 28. Ke1 Nc2+ 29. Ke2 Qxc4+ 30. Kf2 Qf4+ 31. Ke2 Nd4+ 32. Ke1
Qc1+ 0-1

[Event "?"]
[Site "?"]
[Date "????.??.??"]
[Round "?"]
[White "Dukaczewski, P."]
[Black "Turkeeva, Y."]
[Result "1-0"]
[WhiteElo "2280"]
[BlackElo "2039"]
[PlyCount "67"]
[EventDate "2013.??.??"]

1. e4 e6 2. d4 d5 3. Nd2 Nf6 4. e5 Nfd7 5. c3 c5 6. f4 cxd4 7. cxd4 Nc6 8. Ndf3
Bb4+ 9. Bd2 Bxd2+ 10. Qxd2 Qa5 11. Qxa5 Nxa5 12. Rc1 a6 13. Bd3 O-O 14. Ne2 Nc6
15. O-O f6 16. a3 Rf7 17. g4 fxe5 18. dxe5 Nf8 19. Kg2 Bd7 20. Kg3 Re7 21. h4
Be8 22. h5 Rc8 23. Rc3 Na7 24. Rxc8 Nxc8 25. Rc1 Na7 26. Ned4 h6 27. Kf2 g6 28.
hxg6 Nxg6 29. Ke3 Bf7 30. Rh1 Kg7 31. f5 exf5 32. Nxf5+ Kf8 33. Nxe7 Kxe7 34.
Bxg6 1-0

[Event "?"]
[Site "?"]
[Date "????.??.??"]
[Round "?"]
[White "Gründer, M."]
[Black "Stachanczyk, J."]
[Result "0-1"]
[WhiteElo "2009"]
[BlackElo "2229"]
[PlyCount "102"]
[EventDate "2013.??.??"]

1. Nf3 g6 2. c4 Bg7 3. Nc3 c5 4. g3 Nf6 5. Bg2 O-O 6. O-O Nc6 7. d4 cxd4 8.
Nxd4 d6 9. Nxc6 bxc6 10. Bxc6 Rb8 11. Bg2 Qa5 12. a4 Qb4 13. Qd3 Bf5 14. e4 Be6
15. Nd5 Bxd5 16. cxd5 Nd7 17. Rd1 Nc5 18. Qe2 Nb3 19. Bd2 Qb7 20. Rab1 Rfc8 21.
Qd3 Nc5 22. Qc2 Qb3 23. Rdc1 Bxb2 24. Qxb3 Rxb3 25. Rc2 Rcb8 26. Be3 Ba3 27.
Rxb3 Rxb3 28. Bf1 a5 29. e5 Nxa4 30. Rc8+ Kg7 31. Ra8 Bb4 32. exd6 Bxd6 33.
Rxa5 Nc3 34. Bd4+ f6 35. Kg2 Ne4 36. Rb5 Ra3 37. Bb2 Ra8 38. h4 Rc8 39. Bd3 Nc5
40. Bf1 Kf7 41. Kf3 Na4 42. Bd3 Be5 43. Bxe5 fxe5 44. Rb4 Nc3 45. Bc4 Kf6 46.
Ke3 Rc5 47. Rb6+ Kg7 48. Kd3 Nxd5 49. Re6 Nb4+ 50. Kc3 Nc6 51. Kd3 Kf8 0-1

[Event "?"]
[Site "?"]
[Date "????.??.??"]
[Round "?"]
[White "Michalowski, R."]
[Black "Mackowiak, M."]
[Result "0-1"]
[WhiteElo "1795"]
[BlackElo "2174"]
[PlyCount "42"]
[EventDate "2013.??.??"]

1. c4 e5 2. Nc3 Nc6 3. g3 g6 4. Bg2 Bg7 5. e3 Nge7 6. Nge2 d6 7. O-O Be6 8. b3
Qd7 9. Re1 Bh3 10. Bh1 h5 11. d4 h4 12. d5 Nd8 13. Bb2 f5 14. Qd2 g5 15. f4 Nf7
16. Kf2 O-O-O 17. Ng1 hxg3+ 18. Kxg3 exf4+ 19. exf4 gxf4+ 20. Kf2 Ne5 21. Bf3
Bg4 0-1

[Event "?"]
[Site "?"]
[Date "????.??.??"]
[Round "?"]
[White "Andreev, G."]
[Black "Chernov, I."]
[Result "1-0"]
[WhiteElo "1808"]
[BlackElo "2086"]
[PlyCount "111"]
[EventDate "2013.??.??"]

1. e4 e5 2. Bc4 Nc6 3. c3 Nf6 4. d3 Be7 5. Nf3 O-O 6. Bg5 h6 7. Bh4 d6 8. a3 a6
9. Ba2 b5 10. Bxf6 Bxf6 11. Bd5 Bb7 12. a4 Na5 13. b4 Bxd5 14. exd5 Nb7 15.
axb5 axb5 16. Na3 e4 17. Nd4 exd3 18. O-O Qd7 19. Naxb5 Rxa1 20. Qxa1 Nd8 21.
Qd1 c5 22. dxc6 Nxc6 23. Qxd3 Nxd4 24. Nxd4 Rc8 25. Rd1 d5 26. Ne2 Qe6 27. Nf4
Qc6 28. Nxd5 Bg5 29. f4 Bd8 30. Qd4 Kh8 31. Ra1 Ra8 32. Rxa8 Qxa8 33. c4 Qa2
34. g3 h5 35. h4 Qb1+ 36. Kg2 Qc2+ 37. Kf3 Qb3+ 38. Qc3 Qd1+ 39. Ke4 Qh1+ 40.
Kd4 Qg1+ 41. Qe3 Qa1+ 42. Qc3 Qg1+ 43. Ke5 Qa7 44. c5 Qd7 45. Qc4 g6 46. c6
Qe6+ 47. Kd4 Bf6+ 48. Nxf6 Qxf6+ 49. Kc5 Qe7+ 50. Kb6 Kh7 51. c7 Qd6+ 52. Kb7
Qe7 53. Kb8 Qd6 54. Qxf7+ Kh6 55. Qc4 Qb6+ 56. Ka8 1-0

[Event "?"]
[Site "?"]
[Date "????.??.??"]
[Round "?"]
[White "Falkowski, D."]
[Black "Varezhkin, V."]
[Result "0-1"]
[WhiteElo "2013"]
[BlackElo "2182"]
[PlyCount "72"]
[EventDate "2013.??.??"]

1. e4 c5 2. Nf3 Nc6 3. d4 cxd4 4. Nxd4 Nf6 5. Nc3 e5 6. Ndb5 d6 7. Bg5 a6 8.
Na3 b5 9. Bxf6 gxf6 10. Nd5 Bg7 11. Bd3 Ne7 12. Ne3 Bb7 13. c3 h5 14. Qf3 Rc8
15. Rd1 Rc5 16. O-O Bc8 17. Nac2 Be6 18. Nb4 Qc8 19. Bb1 a5 20. Nbc2 Qd7 21.
Na1 a4 22. Nac2 Rh6 23. Nb4 a3 24. Rd2 axb2 25. Rfd1 Nc8 26. Nbd5 h4 27. h3 Kf8
28. Rxb2 Kg8 29. Bd3 Rg6 30. Kh1 Kh7 31. Rdb1 Qa7 32. Bxb5 Ne7 33. c4 Ng8 34.
a4 Rc8 35. Nc2 Nh6 36. Nce3 Ng8 0-1

[Event "?"]
[Site "?"]
[Date "????.??.??"]
[Round "?"]
[White "Huss, R."]
[Black "Zimmer, R."]
[Result "1-0"]
[WhiteElo "2150"]
[BlackElo "1424"]
[PlyCount "71"]
[EventDate "2013.??.??"]

1. d4 d5 2. c4 e6 3. Nc3 c5 4. cxd5 cxd4 5. Qxd4 Nc6 6. Qd1 exd5 7. Qxd5 Bd7 8.
Nf3 Nf6 9. Qd1 Bc5 10. e3 Qe7 11. a3 O-O-O 12. Qc2 Kb8 13. Be2 h5 14. b4 Bb6
15. Bb2 h4 16. h3 Be6 17. Rc1 Nd5 18. b5 Na5 19. Nxd5 Bxd5 20. Qf5 Be6 21. Qf4+
Bc7 22. Rxc7 Qxc7 23. Be5 Rc8 24. O-O Qxe5 25. Qxe5+ Ka8 26. Nd4 Nc4 27. Bxc4
Bxc4 28. Rc1 Rce8 29. Qc5 Rc8 30. Nc6 bxc6 31. Rxc4 cxb5 32. Qd5+ Kb8 33. Qxb5+
Ka8 34. Rb4 Rc7 35. Qd5+ Rc6 36. Qxc6# 1-0

[Event "?"]
[Site "?"]
[Date "????.??.??"]
[Round "?"]
[White "Gerasimova, O."]
[Black "Kurochkina, E."]
[Result "1-0"]
[WhiteElo "2089"]
[BlackElo "1812"]
[PlyCount "167"]
[EventDate "2013.??.??"]

1. e4 e6 2. d4 d5 3. exd5 exd5 4. Bd3 c5 5. dxc5 Bxc5 6. Nf3 Nf6 7. h3 O-O 8.
O-O Nc6 9. a3 Ne4 10. Nbd2 Bf5 11. Nb3 Bb6 12. c3 Qf6 13. Nbd4 Bg6 14. Be3 Rfe8
15. Re1 Ne5 16. Nxe5 Qxe5 17. Nf3 Qf6 18. Bxb6 Qxb6 19. Qc2 Rac8 20. Nd4 Qf6
21. f3 Nd6 22. Bxg6 hxg6 23. Qf2 Nf5 24. Nxf5 gxf5 25. Qxa7 b6 26. Qd7 Rxe1+
27. Rxe1 Rd8 28. Re8+ Rxe8 29. Qxe8+ Kh7 30. Qe3 Qc6 31. Qd4 Qe6 32. Kf2 g6 33.
Qe3 Qc6 34. f4 Qb5 35. Qe2 Qc5+ 36. Kg3 Qd6 37. Qe8 Qc7 38. Qe5 Qd7 39. Qd4 Qb5
40. Qb4 Qc6 41. a4 Kg7 42. Qb5 Qe6 43. Qd3 Qc6 44. b3 Kh7 45. Qd4 Qb7 46. Qf6
Qc7 47. h4 Kg8 48. Qe5 Qc6 49. Qd4 Qe6 50. Qe5 Qc6 51. Kf2 Qc5+ 52. Qe3 Qc7 53.
Ke2 Qd8 54. g3 Kh7 55. Kd3 Qc7 56. Qe5 Qc6 57. Qe7 Kg7 58. Kd4 Kg8 59. Qd8+ Kg7
60. Qxd5 Qc8 61. c4 Qa6 62. h5 Qa7 63. Kc3 Kh6 64. hxg6 fxg6 65. Qg8 Kh5 66.
Qd8 Qg7+ 67. Kb4 Kg4 68. Qxb6 Kxg3 69. Qe3+ Kg4 70. a5 Qb7+ 71. Qb6 Qe7+ 72.
Ka4 Qd7+ 73. Ka3 Kxf4 74. Qxg6 Qe7+ 75. b4 Qe3+ 76. Ka4 Qd3 77. Qc6 Kg3 78. a6
Qd1+ 79. Kb5 Qa1 80. Qg6+ Kf4 81. c5 Qf1+ 82. Kb6 Qc4 83. b5 Qd5 84. Qd6+ 1-0

[Event "?"]
[Site "?"]
[Date "????.??.??"]
[Round "?"]
[White "Petrov, A."]
[Black "Balakhieva, K."]
[Result "1-0"]
[WhiteElo "2039"]
[BlackElo "1802"]
[PlyCount "37"]
[EventDate "2013.??.??"]

1. e4 g6 2. d4 c6 3. Nc3 d5 4. e5 Bf5 5. f4 h5 6. Nf3 e6 7. Bd3 Bb4 8. Bxf5
Bxc3+ 9. bxc3 gxf5 10. Ba3 Qa5 11. Bb4 Qd8 12. O-O Nh6 13. Ng5 a5 14. Bd6 Nd7
15. Qxh5 Nb6 16. Nxe6 Qd7 17. Nc5 Qc8 18. Qg5 Qd8 19. Qg7 1-0

[Event "?"]
[Site "?"]
[Date "????.??.??"]
[Round "?"]
[White "Wenzel, A."]
[Black "Inaganti, A."]
[Result "1/2-1/2"]
[WhiteElo "1841"]
[BlackElo "2023"]
[PlyCount "67"]
[EventDate "2013.??.??"]

1. e4 e6 2. d4 d5 3. Nc3 Bb4 4. e5 c5 5. a3 Bxc3+ 6. bxc3 Nc6 7. f4 Nge7 8. Nf3
Nf5 9. Bb5 Bd7 10. Bxc6 Bxc6 11. O-O c4 12. Qe1 Qd7 13. Bd2 O-O-O 14. Qb1 Ba4
15. Qb2 h6 16. Rab1 Kb8 17. Ne1 Bc6 18. a4 Bxa4 19. Ra1 Bc6 20. Nf3 Bb5 21.
Rfb1 a6 22. Qa2 Qc6 23. Bc1 Kc8 24. Kf2 Rdg8 25. Ba3 Kd7 26. g4 Ne7 27. Bxe7
Kxe7 28. Qa3+ Kd7 29. f5 g6 30. f6 Re8 31. h4 Kc8 32. Rh1 Kc7 33. g5 h5 34.
Rhb1 1/2-1/2

[Event "?"]
[Site "?"]
[Date "????.??.??"]
[Round "?"]
[White "Mansursky, S."]
[Black "Alchinidi, Y."]
[Result "0-1"]
[WhiteElo "1751"]
[BlackElo "1997"]
[PlyCount "144"]
[EventDate "2013.??.??"]

1. Nf3 d5 2. d4 Nf6 3. c4 c6 4. e3 g6 5. c5 Bg7 6. Be2 O-O 7. O-O Nbd7 8. b4
Ne4 9. a4 a5 10. Ba3 axb4 11. Bxb4 Ndxc5 12. Bxc5 Nxc5 13. Nfd2 Nd7 14. Ra2 e5
15. Nb3 exd4 16. exd4 Qc7 17. a5 Nf6 18. f3 Nh5 19. Qd2 Nf4 20. Bd1 Bf5 21. Bc2
Bxc2 22. Rxc2 Ne6 23. Rfc1 Bf6 24. Rf1 Rfe8 25. g3 h5 26. Nc3 Qd6 27. Ra1 h4
28. Kf2 Kg7 29. Na4 Rh8 30. Kg2 hxg3 31. hxg3 Ng5 32. Nac5 Rh2+ 33. Kxh2 Nxf3+
34. Kg2 Nxd2 35. Rxd2 Rb8 36. Nd3 Bd8 37. Re2 Bc7 38. Re3 Re8 39. Rae1 Rh8 40.
Rf1 Qd7 41. Nf2 Rh5 42. Rfe1 Rg5 43. Rf3 Qd8 44. Nh3 Rg4 45. Nf2 Rg5 46. Nh3
Rh5 47. Ref1 Qe8 48. Rxf7+ Qxf7 49. Rxf7+ Kxf7 50. g4 Rh4 51. Nf2 Kf6 52. Kf3
Rh8 53. Ke3 Ra8 54. Nd3 Bxa5 55. Nxa5 Rxa5 56. Nc5 Ra3+ 57. Kf2 b5 58. Nd7+ Kg5
59. Ne5 Rc3 60. Ke2 b4 61. Kd2 Rc4 62. Kd3 Rc3+ 63. Kd2 Kf6 64. Nd7+ Kg5 65.
Ne5 Kf4 66. Nxg6+ Kxg4 67. Ne5+ Kf5 68. Nd3 Ke4 69. Nxb4 Kf4 70. Na2 Rh3 71.
Nb4 Rh2+ 72. Kc1 Ke3 0-1

[Event "?"]
[Site "?"]
[Date "????.??.??"]
[Round "?"]
[White "Tsapalin, S."]
[Black "Napierala, M."]
[Result "0-1"]
[WhiteElo "1975"]
[BlackElo "1737"]
[PlyCount "124"]
[EventDate "2013.??.??"]

1. d4 d5 2. c4 c6 3. cxd5 cxd5 4. Nc3 Nc6 5. Nf3 Nf6 6. Bf4 g6 7. e3 Bg7 8. Bb5
O-O 9. O-O a6 10. Bxc6 bxc6 11. Ne5 Bb7 12. Qb3 Ra7 13. Nd3 Nd7 14. Na4 Re8 15.
Ndc5 Nxc5 16. Nxc5 Bc8 17. Qb8 e5 18. Qxa7 exf4 19. Rae1 f3 20. Qb8 fxg2 21.
Qg3 gxf1=Q+ 22. Rxf1 Bf8 23. Nd3 Bd6 24. f4 a5 25. Ne5 Bxe5 26. fxe5 Qd7 27.
Rf4 Qh3 28. Qf2 Be6 29. b3 Rb8 30. Qd2 a4 31. b4 Bf5 32. a3 g5 33. Rf1 Be4 34.
Qf2 f5 35. Rc1 Rb6 36. Qg3 Qxg3+ 37. hxg3 Kg7 38. Rc5 Bd3 39. Ra5 Ra6 40. Rc5
Bc4 41. Kf2 g4 42. Kg2 Rb6 43. Ra5 Ra6 44. Rc5 Bb5 45. Rc1 Ra7 46. Kf2 Re7 47.
Kg2 Re6 48. Rc2 Rh6 49. Rc1 Bd3 50. Rc3 Be4+ 51. Kf2 Rh2+ 52. Kg1 Rc2 53. Rc5
Rxc5 54. bxc5 Kf7 55. Kf2 Bd3 56. Ke1 Ke7 57. Kd2 Bb5 58. Kc3 h5 59. Kd2 Ba6
60. Ke1 Bc8 61. Kd2 Kd7 62. Kd3 Kc7 0-1

[Event "?"]
[Site "?"]
[Date "????.??.??"]
[Round "?"]
[White "Mende, H."]
[Black "Tillmann, M."]
[Result "0-1"]
[WhiteElo "1730"]
[BlackElo "1973"]
[PlyCount "84"]
[EventDate "2013.??.??"]

1. d4 Nf6 2. c4 g6 3. Nc3 Bg7 4. e4 d6 5. Nf3 O-O 6. Be2 e5 7. dxe5 dxe5 8. Bg5
Nbd7 9. h3 c6 10. O-O Qc7 11. Qc2 Re8 12. Rad1 Nf8 13. c5 Ne6 14. Be3 Nd7 15.
b4 b6 16. cxb6 Nxb6 17. a3 Bb7 18. Rc1 Rac8 19. Rfd1 Red8 20. Ne1 Nd4 21. Qb2
Qe7 22. f3 Rc7 23. Qa2 Rcd7 24. Bf1 Qh4 25. Bc4 Nxc4 26. Qxc4 Qg3 27. Bxd4 exd4
28. Ne2 Qh4 29. Nd3 Rd6 30. Nc5 Bc8 31. Rd3 Bh6 32. f4 Qe7 33. Rf1 Be6 34. Nxe6
Qxe6 35. Qxe6 fxe6 36. e5 R6d7 37. g3 Bf8 38. Rc1 c5 39. bxc5 Rc7 40. Rxd4 Rxd4
41. Nxd4 Rxc5 42. Rxc5 Bxc5 0-1

[Event "?"]
[Site "?"]
[Date "????.??.??"]
[Round "?"]
[White "Russo Spena, V."]
[Black "Rudolf, T."]
[Result "0-1"]
[WhiteElo "1486"]
[BlackElo "1931"]
[PlyCount "72"]
[EventDate "2013.??.??"]

1. d4 d5 2. Nc3 Nf6 3. Bf4 a6 4. h4 Bf5 5. e3 h6 6. Bd3 Bxd3 7. Qxd3 e6 8. Nf3
Bd6 9. Bxd6 Qxd6 10. Ne5 c5 11. O-O-O Nc6 12. Nxc6 Qxc6 13. dxc5 Qxc5 14. Na4
Qa5 15. Qa3 Ne4 16. b4 Qc7 17. Rhf1 O-O 18. Kb2 Rfc8 19. c3 b5 20. Nc5 Nxc5 21.
bxc5 Qxc5 22. Qxc5 Rxc5 23. a3 Rc4 24. g3 Rac8 25. Rc1 Kf8 26. f3 Ke7 27. Rfd1
R8c5 28. Rd2 a5 29. Rdc2 e5 30. Kb3 Ke6 31. Kb2 d4 32. Kb3 Rxc3+ 33. Kb2 Rxc2+
34. Rxc2 Rxc2+ 35. Kxc2 Kd5 36. Kd3 dxe3 0-1

[Event "?"]
[Site "?"]
[Date "????.??.??"]
[Round "?"]
[White "Malina, O."]
[Black "Vasquez, G."]
[Result "0-1"]
[WhiteElo "1790"]
[BlackElo "2013"]
[PlyCount "117"]
[EventDate "2013.??.??"]

1. e4 c6 2. Nf3 d5 3. exd5 cxd5 4. d4 Nf6 5. Bb5+ Bd7 6. Bxd7+ Nbxd7 7. O-O e6
8. c3 Bd6 9. Bg5 O-O 10. Qe2 Qc7 11. Bxf6 Nxf6 12. Ne5 a6 13. Nd2 b5 14. b3
Qxc3 15. Qe3 Qxe3 16. fxe3 Bxe5 17. dxe5 Ng4 18. e4 Nxe5 19. exd5 exd5 20. Nf3
Nxf3+ 21. Rxf3 Rfd8 22. Rd1 Rd7 23. Rfd3 Rad8 24. Kf2 Kf8 25. Ke3 Re8+ 26. Kd4
Re2 27. R1d2 Rxd2 28. Rxd2 Ke7 29. g4 Kd6 30. Re2 f6 31. h4 g6 32. g5 Rf7 33.
b4 fxg5 34. hxg5 Rf4+ 35. Kc3 Rg4 36. Rf2 Rxg5 37. Rf6+ Ke5 38. Rxa6 h5 39. a4
bxa4 40. b5 Rg1 41. Rxa4 Rb1 42. Ra6 Kf5 43. b6 h4 44. Ra4 h3 45. Rh4 Rxb6 46.
Rxh3 g5 47. Kd4 Rd6 48. Kc5 Rd8 49. Kd4 Kf4 50. Rh1 g4 51. Rf1+ Kg3 52. Rg1+
Kf3 53. Rf1+ Kg2 54. Rf4 g3 55. Rf5 Kg1 56. Rg5 g2 57. Ke3 d4+ 58. Kf3 Rf8+ 59.
Kg3 0-1

[Event "?"]
[Site "?"]
[Date "????.??.??"]
[Round "?"]
[White "Kohnen, K."]
[Black "Markov, I."]
[Result "1/2-1/2"]
[WhiteElo "1399"]
[BlackElo "1917"]
[PlyCount "93"]
[EventDate "2013.??.??"]

1. e4 e5 2. Nf3 Nf6 3. Nc3 Nc6 4. Bc4 Nxe4 5. Bxf7+ Kxf7 6. Nxe4 Be7 7. d4 d5
8. Neg5+ Kg8 9. dxe5 Bg4 10. h3 Bf5 11. g4 Bc8 12. e6 Qd6 13. Qe2 Nd8 14. Nd4
g6 15. Nf7 Nxf7 16. exf7+ Kxf7 17. Bd2 Bf6 18. Qd3 Qe5+ 19. Be3 c5 20. Nf3 Qxb2
21. O-O d4 22. Rfb1 Qc3 23. Qxc3 dxc3 24. Bxc5 Rd8 25. Rd1 Be6 26. a4 Bd5 27.
Ne1 Bc6 28. a5 a6 29. Bb6 Rd2 30. Be3 Rdd8 31. Nd3 Bf3 32. Re1 Rac8 33. Rab1
Bc6 34. Nc5 Bd4 35. Bxd4 Rxd4 36. Re3 Rc4 37. Nxb7 Bxb7 38. Rxb7+ R8c7 39.
Rxc7+ Rxc7 40. Kf1 Kf6 41. h4 Rc5 42. Ke2 h6 43. Kd3 Rxa5 44. Kxc3 Ra1 45. Kd2
a5 46. Re1 Ra3 47. Re3 1/2-1/2